000 00613nam a2200181 i 4500
001 128252
003 ES-MaACL
005 20230906193218.0
007 t|
008 070626s1961 sp ||||1| spa d
100 1 _aZischka, Anton.
_9118301
245 1 0 _aPasado, presente y futuro de la energía... /
_cAnton Zischka ; traducida... por... José María Vidal Llenas... y Mercedes Potau de Vidal.
260 _aBarcelona :
_bLabor,
_c[1961]
300 _a510 p. ;
_c22 cm.
700 1 _aVidal Llenas, José María.
_9114499
700 1 _aPotau de Vidal, Mercedes.
_993370
852 _aES-MaACL
_jF-358
_bR.48404
999 _c128252
_d128252